| 000 | 00661cam a22002534a 4500 | ||
|---|---|---|---|
| 003 | UPN | ||
| 005 | 20230602063753.0 | ||
| 008 | 120627s2006 mx r 000 f spa d | ||
| 020 | _a9707102373 | ||
| 035 | _aUPN01000185506 | ||
| 040 |
_aUPN _bspa _cUPN |
||
| 049 | _aCG | ||
| 050 | 4 |
_aPQ7298.423 A7.8 _bM5 |
|
| 100 | 1 |
_aMartín del Campo, David, _d1952- _932483 |
|
| 245 | 1 | 0 | _a1943 (el año del fuego). |
| 260 |
_aMéxico : _bEdiciones B, _c2006. |
||
| 300 | _a299 páginas | ||
| 490 | 0 | _aByblos narrativa | |
| 650 | 4 |
_aNovela mexicana _94557 |
|
| 902 | _bCarolina Alvarado/200922/M | ||
| 905 | _aLibro | ||
| 942 |
_2lcc _cLIBRO |
||
| 999 |
_c157609 _d157609 |
||